Normal view
MARC view
- Peakock, W .
Entry Personal Name
001 - CONTROL NUMBER
- control field: 1824
003 - CONTROL NUMBER IDENTIFIER
- control field: OSt
005 - DATE AND TIME OF LATEST TRANSACTION
- control field: 20161017104112.0
008 - FIXED-LENGTH DATA ELEMENTS
- fixed length control field: 161017|| aca||aabn | a|a d
040 ## - CATALOGING SOURCE
- Original cataloging agency: OSt
- Transcribing agency: OSt
100 ## - HEADING--PERSONAL NAME
- Personal name: Peakock, W .
670 ## - SOURCE DATA FOUND
- Source citation: Work cat.: (OSt)4751: Peakock, W ., English Verse, Vol - 3 / , 1963.
